Slovaks and Czechs on the threshold of the European Union On the possibility of mutual emancipation of nations

Historická skúsenosť spoločného života Slovákov a Čechov. Všeobecné koncepcie národov a ich vzájomné vzťahy. Výsledky sociologického výskumu v slovensko - českých vzájomných vzťahoch. Zovšeobecnenie poznatkov.

Salvato in:
Dettagli Bibliografici
Autore principale: Machonin, Pavel
Natura: Capitolo di libro
Lingua:inglese
Soggetti:
Tags: Aggiungi Tag
Nessun Tag, puoi essere il primo ad aggiungerne!!

MARC

LEADER 00000naa a2200000 4500
001 r048727
005 20230929071101.6
041 0 |a eng 
044 |a SK 
245 1 0 |a Slovaks and Czechs on the threshold of the European Union  |b On the possibility of mutual emancipation of nations  |c Pavel Machonin 
520 |a Historická skúsenosť spoločného života Slovákov a Čechov. Všeobecné koncepcie národov a ich vzájomné vzťahy. Výsledky sociologického výskumu v slovensko - českých vzájomných vzťahoch. Zovšeobecnenie poznatkov. 
610 2 0 |a národ 
610 2 0 |a emancipácia 
610 2 0 |a Slovensko 
610 2 0 |a Česko 
610 2 0 |a história 
610 2 0 |a vzťahy politické medzinárodné 
610 2 0 |a vzťahy hospodárske medzinárodné 
610 2 0 |a výskum sociologický 
610 2 0 |a Európska únia 
100 1 |a Machonin, Pavel